000 00300nam a22001217a 4500
008 170713b xxu||||| |||| 00| 0 eng d
041 _aeng
080 _a038
100 _a23
101 _aFJA
245 _aIEEE STANDARD DICTIONARY ELECTRICAL AND ELECTRONIIC TERMS
_cJAY.F
942 _2udc
_cBK
999 _c20483
_d20483